Herby miast w województwie zachodniopomorskim - Statystyki

Ogólne statystyki
  • Ten quiz został rozwiązany 26 razy
  • Średni wynik to 11 z 16
Statystyki odpowiedzi
Obrazkowy Odpowiedź % Poprawnych
Koszalin
100%
Szczecin
100%
Kołobrzeg
91%
Stargard
73%
Świnoujście
73%
Darłowo
64%
Gryfino
64%
Kamień Pomorski
64%
Police
64%
Sławno
64%
Białogard
55%
Drawsko Pomorskie
55%
Gryfice
55%
Międzyzdroje
55%
Szczecinek
55%
Wałcz
55%
Nie znaleziono quizów pasujących do podanych kryteriów
Rozkład punktacji
Procent ludzi z każdym wynikiem
Percentyl według liczby udzielonych odpowiedzi
Twoja historia wyników
Nie rozwiązałeś tego quizu